Lưu công nhân

Zapisane w:
Opis bibliograficzny
Format: Książka
Wydane: Tp.HCM Mỹ thuật 1995
Hasła przedmiotowe:
Etykiety: Dodaj etykietę
Nie ma etykietki, Dołącz pierwszą etykiete!
Thư viện lưu trữ: Trung tâm Học liệu Lê Vũ Hùng, Trường Đại học Đồng Tháp
LEADER 00597pam a22002058a 4500
001 00020252
005 20171026081025.0
008 110513s1995 ||||||Viesd
041 0 # |a Vie 
082 1 4 |b L566C  |a 759.959 7 
245 0 0 |a Lưu công nhân 
260 # # |a Tp.HCM  |b Mỹ thuật  |c 1995 
300 # # |a 119 tr.  |c 26 cm. 
650 # 4 |a Con người 
650 # 4 |a Hội họa 
653 # # |a Tranh sơn dầu 
852 # # |b Kho đọc  |j KD.0005660 
852 # # |j KD.0005660 
910 0 # |a nhnam  |d 13/05/2011 
980 # # |a Trung tâm Học liệu Lê Vũ Hùng, Trường Đại học Đồng Tháp